| 000 -LEADER |
| fixed length control field |
00456nam a22001697a 4500 |
| 008 - FIXED-LENGTH DATA ELEMENTS--GENERAL INFORMATION |
| fixed length control field |
131111b xxu||||| |||| 00| 0 alb d |
| 020 ## - INTERNATIONAL STANDARD BOOK NUMBER |
| International Standard Book Number |
9789994397402 |
| 041 0# - LANGUAGE CODE |
| Language code of text/sound track or separate title |
alb |
| 080 ## - UNIVERSAL DECIMAL CLASSIFICATION NUMBER |
| Universal Decimal Classification number |
336 |
| Common auxiliary subdivision |
(046.5) |
| 100 1# - Rafti |
| Rafti |
Luçi, Edlira |
| 245 10 - TITLE STATEMENT |
| Title |
Portofoli i shoqërive financiare / |
| 260 ## - |
| -- |
Tiranë : |
| -- |
Botime Maluka ; |
| -- |
2007. |
| 300 ## - |
| -- |
206 f. : |
| -- |
21 cm. |
| 500 ## - |
| -- |
Bibliografia : f. 203 - 206 |
| 650 ## - |
| -- |
Financa |
| 942 ## - ADDED ENTRY ELEMENTS (KOHA) |
| Source of classification or shelving scheme |
|
| Item type |
Books |